000 00703nam a22002177a 4500
005 20130701163553.0
010 _aB-508946-947
020 _a9788131733158
_c250.00
035 _aB-508946-947
037 _adpl
_bKBD/Ven
082 _a000
100 _aThorpe, Edgar
245 _aConcise Objective General Knowledge/
_cby Edgar Thorpe and Showick Thorpe
250 _a2nd
260 _aNew Delhi
_bPearson
_c2010
270 _a11 Commu8nity Centre, Panchsheel Park
_bNew Delhi
_e110017
300 _a530p.
_c21cm(pbk)
700 _dThorpe, Showick
942 _2ddc
_cEN
_h000
_mTHO
999 _c77109
_d77109